Basic immunology (Record no. 368)

000 -LEADER
fixed length control field 03552nam a22005777a 4500
001 - CONTROL NUMBER
control field 1080546934
003 - CONTROL NUMBER IDENTIFIER
control field OCoLC
005 - DATE AND TIME OF LATEST TRANSACTION
control field 20210419094043.0
006 - FIXED-LENGTH DATA ELEMENTS--ADDITIONAL MATERIAL CHARACTERISTICS
fixed length control field m o d
007 - PHYSICAL DESCRIPTION FIXED FIELD--GENERAL INFORMATION
fixed length control field cr |||||||||||
008 - FIXED-LENGTH DATA ELEMENTS--GENERAL INFORMATION
fixed length control field 190102t20202020paua o 000 0 eng d
020 ## - INTERNATIONAL STANDARD BOOK NUMBER
International Standard Book Number 9780323639125
Qualifying information electronic book
020 ## - INTERNATIONAL STANDARD BOOK NUMBER
International Standard Book Number 0323639127
Qualifying information electronic book
020 ## - INTERNATIONAL STANDARD BOOK NUMBER
International Standard Book Number 9780323639101
Qualifying information electronic book
020 ## - INTERNATIONAL STANDARD BOOK NUMBER
International Standard Book Number 0323639100
Qualifying information electronic book
020 ## - INTERNATIONAL STANDARD BOOK NUMBER
International Standard Book Number 9780323639095
Qualifying information electronic book
020 ## - INTERNATIONAL STANDARD BOOK NUMBER
International Standard Book Number 0323639097
Qualifying information electronic book
020 ## - INTERNATIONAL STANDARD BOOK NUMBER
Canceled/invalid ISBN 9780323549431
Qualifying information paperback
020 ## - INTERNATIONAL STANDARD BOOK NUMBER
Canceled/invalid ISBN 0323549438
Qualifying information paperback
035 ## - SYSTEM CONTROL NUMBER
System control number (OCoLC)1080546934
040 ## - CATALOGING SOURCE
Original cataloging agency YDX
Language of cataloging eng
Description conventions rda
Transcribing agency YDX
Modifying agency BDX
-- TMC
-- MMU
-- USU
041 ## - LANGUAGE CODE
Language code of text/sound track or separate title eng
049 ## - LOCAL HOLDINGS (OCLC)
Holding library YYEA
-- VZYM
080 ## - UNIVERSAL DECIMAL CLASSIFICATION NUMBER
Universal Decimal Classification number 616-097
Item number A-12
099 ## - LOCAL FREE-TEXT CALL NUMBER (OCLC)
Classification number INTERNET LINK
100 1# - MAIN ENTRY--PERSONAL NAME
Personal name Abbas, Abul K.
245 10 - TITLE STATEMENT
Title Basic immunology
Medium [electronic resource] :
Remainder of title functions and disorders of the immune system /
Statement of responsibility, etc. Abul K. Abbas, Andrew H. Lichtman, Shiv Pillai ; illustrations by David L. Baker.
250 ## - EDITION STATEMENT
Edition statement 6th ed.
260 ## - PUBLICATION, DISTRIBUTION, ETC.
Place of publication, distribution, etc. Philadelphia, PA :
Name of publisher, distributor, etc. Elsevier,
Date of publication, distribution, etc. [2020]
260 ## - PUBLICATION, DISTRIBUTION, ETC.
Date of publication, distribution, etc. ©2020.
300 ## - PHYSICAL DESCRIPTION
Extent 1 online resource : 319 p.
Other physical details color illustrations.
500 ## - GENERAL NOTE
General note Revised edition of: Basic immunology : functions and disorders of the immune system / Abul K. Abbas, Andrew H. Lichtman, Shiv Pillai. Fifth edition. [2016].
500 ## - GENERAL NOTE
General note EINSTEIN & MMC: available online via Clinical Key. See Reference staff for assistance.
505 0# - FORMATTED CONTENTS NOTE
Formatted contents note Introduction to the immune system : nomenclature, general properties, and components -- Innate immunity : the early defense against infections -- Antigen capture and presentation to lymphocytes : what lymphocytes see -- Antigen recognition in the adaptive immune system : structure of lymphocyte antigen receptors and development of immune repertoires -- T cell - mediated immunity : activation of t lymphocytes -- Effector mechanisms of t cell-mediated immunity : functions of t cells in host defense -- Humoral immune responses : activation of b lymphocytes and production of antibodies -- Effector mechanisms of humoral immunity : elimination of extracellular microbes and toxins -- Immunologic tolerance and autoimmunity : self-nonself discrimination in the immune system and its failure -- Immunology of tumors and transplantation : immune responses to cancer cells and normal foreign cells -- Hypersensitivity : disorders caused by immune responses -- Congenital and acquired immunodeficiencies : diseases caused by defective immunity -- Principal features of selected cd molecules -- Cytokines -- Clinical cases.
650 12 - SUBJECT ADDED ENTRY--TOPICAL TERM
Topical term or geographic name entry element Immunity.
650 12 - SUBJECT ADDED ENTRY--TOPICAL TERM
Topical term or geographic name entry element Immune System
General subdivision physiology.
650 22 - SUBJECT ADDED ENTRY--TOPICAL TERM
Topical term or geographic name entry element Hypersensitivity.
650 20 - SUBJECT ADDED ENTRY--TOPICAL TERM
Topical term or geographic name entry element Immunology
9 (RLIN) 78
650 22 - SUBJECT ADDED ENTRY--TOPICAL TERM
Topical term or geographic name entry element Immunologic Deficiency Syndromes.
653 ## - INDEX TERM--UNCONTROLLED
Uncontrolled term იმუნოლოგია
653 ## - INDEX TERM--UNCONTROLLED
Uncontrolled term იმუნური სისტემა
655 #7 - INDEX TERM--GENRE/FORM
Genre/form data or focus term Electronic books.
700 1# - ADDED ENTRY--PERSONAL NAME
Personal name Lichtman, Andrew H.
700 1# - ADDED ENTRY--PERSONAL NAME
Personal name Pillai, Shiv.
700 1# - ADDED ENTRY--PERSONAL NAME
Personal name Baker, David H.,
710 2# - ADDED ENTRY--CORPORATE NAME
Corporate name or jurisdiction name as entry element Clinical Key (Online Service)
776 08 - ADDITIONAL PHYSICAL FORM ENTRY
Relationship information Print version:
Main entry heading Abbas, Abul K.
Title Basic immunology.
Edition Sixth edition.
Place, publisher, and date of publication Amsterdam : Elsevier, 2019
International Standard Book Number 9780323549431
Record control number (OCoLC)1091691150.
856 40 - ELECTRONIC LOCATION AND ACCESS
Materials specified ClinicalKey
Uniform Resource Identifier <a href="https://elibrary.einsteinmed.org/login?url=https://www.clinicalkey.com/#!/dura/browse/bookChapter/3-s2.0-C20160052403 ">https://elibrary.einsteinmed.org/login?url=https://www.clinicalkey.com/#!/dura/browse/bookChapter/3-s2.0-C20160052403 </a>
Public note EINSTEIN: Clinical Key ebook collection
856 41 - ELECTRONIC LOCATION AND ACCESS
Materials specified ClinicalKey
Uniform Resource Identifier <a href="https://www.clinicalkey.com/#!/dura/browse/bookChapter/3-s2.0-C20160052403 ">https://www.clinicalkey.com/#!/dura/browse/bookChapter/3-s2.0-C20160052403 </a>
Public note MMC: Clinical Key ebook collection
942 ## - ADDED ENTRY ELEMENTS (KOHA)
Source of classification or shelving scheme
Koha item type Books
Edition 6
Holdings
Withdrawn status Lost status Source of classification or shelving scheme Damaged status Not for loan Permanent location Current location Date acquired Inventory number Total Checkouts Full call number Barcode Date last seen Price effective from Koha item type Date last checked out
          Ken Walker International University Ken Walker International University 11/21/2020 1148   616-097 A-12 1148 11/21/2020 11/21/2020 Books  
          Ken Walker International University Ken Walker International University 11/21/2020 1149 1 616-097 A-12 1149 07/01/2024 11/21/2020 Books 04/16/2024

Powered by Koha